[Event "ARG-ch (Women) 74th"]
[Site "Buenos Aires"]
[Date "2023.11.21"]
[Round "2"]
[White "Palomares, Lujan"]
[Black "Rodriguez, Celina"]
[Result "1/2-1/2"]
[WhiteElo "1405"]
[BlackElo "1200"]
[PlyCount "66"]
[EventDate "2023.11.20"]
[EventType "swiss"]
[EventRounds "9"]
[EventCountry "ARG"]
[SourceTitle "CB49_2023"]
[SourceDate "2023.12.06"]
[SourceVersion "1"]
[SourceVersionDate "2023.12.06"]
[SourceQuality "1"]

1. e4 e5 2. Nf3 Nc6 3. d4 exd4 4. Nxd4 Nxd4 5. Qxd4 d6 6. Bc4 Qf6 7. Qxf6 Nxf6 8. Nc3 Be7 9. 0-0 0-0 10. Bg5 h6 11. Bd2 c6 12. Rfe1 b5 13. Bb3 Rd8 14. Rad1 Bb7 15. f3 a5 16. a3 Nd7 17. Bf4 Nc5 18. Ba2 Ne6 19. Bg3 b4 20. Na4 bxa3 21. bxa3 d5 22. exd5 cxd5 23. Nb6 Bc5+ 24. Bf2 Bxb6 25. Bxb6 Rd6 26. Bf2 Rad8 27. Re2 Nf4 28. Red2 Ne6 29. Bg3 R6d7 30. Be5 Nc7 31. Bxc7 Rxc7 32. Bxd5 Bxd5 33. Rxd5 Ra8 1/2-1/2